Metal ions in toxicology : (رقم التسجيلة. 22514)

تفاصيل مارك
000 -الفاتح
حقل البيانات ثابتة الطول 01507cam a22004217a 4500
001 - رقم الضبط
رقم الضبط 16888368
003 - محدد رقم الضبط
رقم الضبط OSt
005 - وقت وتاريخ اخر تعامل مع التسجيلة
رقم الضبط 20150408114027.0
008 - عناصر البيانات ثابتة الطول - معلومات عامة
حقل البيانات ثابتة الطول 110725s2011 enka b 001 0 eng
010 ## - رقم ضبط مكتبة الكونجرس
رقم ضبط مكتبة الكونجرس 2011377900
015 ## - رقم الببليوجرافية الوطنية
رقم الببليوجرافية الوطنية GBB091109
المصدر bnb
016 7# - رقم ضبط الوكاله الوطنية للضبط الببليوجرافي
رقم ضبط التسجيلة 101557632
المصدر DNLM
020 ## - الرقم الدولى المعيارى للكتب
الرقم الدولى المعيارى للكتاب 9781849730914 (hbk.)
020 ## - الرقم الدولى المعيارى للكتب
الرقم الدولى المعيارى للكتاب 1849730911 (hbk.)
035 ## - رقم ضبط النظام
رقم ضبط النظام (OCoLC)ocn691065722
040 ## - مصدر الفهرسة
وكالة الفهرسة الأصلية NLM
وكالة النسخ NLM
وكالة التعديل EQO
-- YDXCP
-- LTSCA
-- IXA
-- DLC
042 ## - رمز التحقق
رمز التحقق nlmcopyc
-- lccopycat
050 00 - رقم طلب مكتبة الكونجرس
رقم التصنيف RA1231.M52
رقم المادة M47 2011
060 00 - رقم الطلب بالمكتبة الطبية الوطنية
رقم التصنيف W1
رقم المادة ME9611AW v.8 2011
060 10 - رقم الطلب بالمكتبة الطبية الوطنية
رقم التصنيف QV 275
082 04 - رقم تصنيف ديوى العشرى
رقم التصنيف 615.9253
رقم الطبعة 22
245 00 - بيان العنوان
العنوان Metal ions in toxicology :
بقية العنوان effects, interactions, interdependencies /
بيان المسئوليه,etc edited by Astrid Sigel, Helmut Sigel, and Roland K.O. Sigel.
260 ## - PUBLICATION, DISTRIBUTION, ETC. (IMPRINT)
مكان الناشر او الموزع Cambridge :
اسم الناشر او الموزع RSC Pub.,
تاريخ النشر أو التوزيع c2011.
300 ## - الوصف المادى
التعداد xxxi, 422 p. :
تفاصيل ماديه اخرى للوعاء ill. (some col.) ;
أبعاد الوعاء 24 cm.
490 1# - بيان السلسلة
عنوان السلسلة Metal ions in life sciences,
الرقم الدولى المعيارى للدوريات 1559-0836 ;
رقم المجلد/ التعيين التسلسلي v. 8
504 ## - تبصرة ببليوجرافية
تبصرة ببليوجرافية,الخ Includes bibliographical references and index.
650 #0 - المدخل الاضافى بالموضوع-مصطلح موضوعى
مصطلح موضوعي أو اسم جغرافي كعنصر مدخل Metals
التقسيم الفرعي العام Toxicology.
9 (RLIN) 11874
650 #0 - المدخل الاضافى بالموضوع-مصطلح موضوعى
مصطلح موضوعي أو اسم جغرافي كعنصر مدخل Metal ions
التقسيم الفرعي العام Physiological effect.
9 (RLIN) 11875
650 12 - المدخل الاضافى بالموضوع-مصطلح موضوعى
مصطلح موضوعي أو اسم جغرافي كعنصر مدخل Ions
التقسيم الفرعي العام toxicity.
9 (RLIN) 11876
650 12 - المدخل الاضافى بالموضوع-مصطلح موضوعى
مصطلح موضوعي أو اسم جغرافي كعنصر مدخل Metals
التقسيم الفرعي العام toxicity.
9 (RLIN) 11877
700 1# - المدخل الاضافى - اسم شخصى
الإسم الشخصى Sigel, Astrid.
9 (RLIN) 11878
700 1# - المدخل الاضافى - اسم شخصى
الإسم الشخصى Sigel, Helmut.
9 (RLIN) 11879
700 1# - المدخل الاضافى - اسم شخصى
الإسم الشخصى Sigel, Roland K. O.
9 (RLIN) 11880
710 2# - المدخل الاضافى - اسم هيئه
اسم الهيئة أو اسم السلطة كمدخل Royal Society of Chemistry (Great Britain)
9 (RLIN) 10425
830 #0 - المدخل الاضافى بالسلسلة -عنوان موحد
عنوان موحد Metal ions in life sciences ;
رقم المجلد/ التعيين التسلسلي v. 8.
9 (RLIN) 11881
942 ## - عناصر المدخل الإضافي( كوها)
مصدر التصنيف او مخطط الترفيف Dewey Decimal Classification
Koha [default] item type كتاب
المقتنيات
حالة الفقد نموذج السعر الفعال حالة تلف ليس للاعارة رقم الطلب تاريخ الاكتساب الموقع الحالي الباركود الفرع الرئيسي Date last seen نوع المادة فى نظام كوها مصدر التصنيف او خطة الترفيف Total Checkouts
  2013-03-10     615.9253 M E I 2012-04-23 مكتبة كلية التمريض - طالبات (CNF) 00085362 مكتبة كلية التمريض - طالبات (CNF) 2013-03-10 كتاب Dewey Decimal Classification  
  2013-03-10     615.9253 M E I 2012-04-23 مكتبة كلية التمريض - طالبات (CNF) 00085342 مكتبة كلية التمريض - طالبات (CNF) 2013-03-10 كتاب Dewey Decimal Classification